| Поле | Инд. | ПП | Название | Значение |
|---|---|---|---|---|
| Тип записи | a | |||
| Библиографический уровень | b | |||
| 001 | Контрольный номер | RU/IS/BASE/185647386 | ||
| 005 | Дата корректировки | 20201126122017.5 | ||
| 008 | Кодируемые данные | 20051118 | ||
| 084 | a | Индекс другой классификации/Индекс ББК | 88.41-72; 88.9 | |
| 100 | 1_ | a | Автор | Аргунова Т. П. |
| q | Полное имя | Аргунова Тамара Прокопьевна | ||
| 245 | 10 | a | Заглавие | Социализация детей с ограниченными возможностями в условиях сельского социума в Республике Саха (Якутия) |
| 650 | 04 | a | Основная рубрика | детская психология |
| a | Основная рубрика | возрастная психология | ||
| a | Основная рубрика | практическая психология (прикладная психология) | ||
| a | Основная рубрика | психология | ||
| a | Основная рубрика | психология личности | ||
| 653 | 0_ | a | Ключевые слова | дети с ограниченными возможностями |
| a | Ключевые слова | дети-инвалиды | ||
| a | Ключевые слова | медико-педагогическая поддержка | ||
| a | Ключевые слова | медико-социальная коррекция | ||
| a | Ключевые слова | ограниченные возможности здоровья | ||
| a | Ключевые слова | педагогическая психология | ||
| a | Ключевые слова | психолого-педагогическая помощь | ||
| a | Ключевые слова | реабилитационные центры | ||
| a | Ключевые слова | регионы России | ||
| a | Ключевые слова | Россия | ||
| a | Ключевые слова | сельский социум | ||
| a | Ключевые слова | социализация детей | ||
| a | Ключевые слова | социальная адаптация | ||
| a | Ключевые слова | Якутия (Республика Саха) | ||
| 773 | 18 | t | Заглавие источника | Вестник психосоциальной и коррекционно-реабилитационной работы |
| d | Дата издания источника | 2005 | ||
| g | Прочая информация | № 3. - С. 79 - 81 | ||
| w | Контрольный № источника | RU/IS/BASE/179497494 | ||
| 901 | t | Тип документа | b |